| 000 | 004420000a22001810004500 | ||
|---|---|---|---|
| 003 | MACL | ||
| 005 | 20150915144558.0 | ||
| 008 | 150915b xxu||||| |||| 00| 0 eng d | ||
| 040 |
_aMACL _cMACL |
||
| 041 | _aEnglish | ||
| 082 | _a823/GOO | ||
| 100 |
_aGoonewardene, James _910604 |
||
| 245 |
_aThe Trible Hangover _bA Novel |
||
| 260 |
_bPenguin Books _c1995 _aNew Delhi |
||
| 350 | _a125 | ||
| 650 |
_aFiction _911200 |
||
| 942 |
_cBK _k823 _2ddc |
||
| 999 |
_c2805 _d2805 |
||